000 01577cam a2200373 a 4500
001 14777242
003 OSt
005 20230907133221.0
008 070321s2008 enk b 001 0 eng
010 _a 2007011778
020 _a9781138347298
035 _a(OCoLC)ocm86117772
040 _aDLC
_cDLC
_dBTCTA
_dBAKER
_dBWKUK
_dYDXCP
_dTJC
_dDLC
043 _aa-ii---
050 0 0 _aPR149.I6
_bN39 2008
082 0 0 _a820.9
_bNAY/E
100 _aNayar, Pramod K
_93680
245 1 0 _aEnglish writing and India, 1600-1920 :
_bcolonizing aesthetics /
_cPramod K. Nayar.
260 _aLondon ;
_aNew York :
_bRoutledge,
_c2008.
300 _axi, 208 p. ;
_c24 cm.
440 0 _aRoutledge research in postcolonial literatures ;
_v18
504 _aIncludes bibliographical references (p. [185]-206) and index.
505 0 _aIntroduction : aesthetic negotiations -- Marvelous difficulty, 1600-1720 -- The social monstrous, 1600-1720 -- The imperial sublime, 1750-1820 -- The missionary picturesque, 1790-1860 -- The sporting luxuriant, 1850-1920.
650 0 _aEnglish literature
_xHistory and criticism.
650 0 _aAuthors, English
_xAesthetics.
650 0 _aNational characteristics, English, in literature.
650 0 _aImperialism in literature.
650 0 _aColonies in literature.
650 0 _aExoticism in literature.
650 0 _aNarration (Rhetoric)
651 0 _aIndia
_xIn literature.
856 4 1 _3Table of contents only
_uhttp://www.loc.gov/catdir/toc/ecip0713/2007011778.html
942 _2ddc
_cBK
_h820.9
_iNAY/E
_k820.9
_mNAY/E
999 _c42143
_d42143